| 000 | 00484 a2200157 4500 | ||
|---|---|---|---|
| 999 |
_c12876 _d12876 |
||
| 003 | OSt | ||
| 005 | 20240802155320.0 | ||
| 008 | 240802b ||||| |||| 00| 0 eng d | ||
| 020 | _a9798986939421 | ||
| 082 | _a729 | ||
| 100 | _aJ Storm | ||
| 245 | _aDesign Mind for Data Visualization: Learn to Use Information and Graphic Design Principles to Produce Engaging Data Stories Your Audience Can't Ignore | ||
| 260 |
_b6x9 Publishing House LLC _c2022 |
||
| 300 | _a195p; | ||
| 942 | _2ddc | ||